Представление документа в формате RUSMARC

ПолеНазваниеЗначение
  Тип записи c
  Библиографический уровень m
001 Контрольный номер RU/УОНБ/EK_N/447850308
005 Дата корректировки 20240131005116.9
100 Данные общей обработки __
a Данные общей обработки 20140311d2014 u y0rusy0189||||ba
101 Язык документа 0_
a Язык текста ger
f Язык титульного листа ger
102 Страна публикации __
a Страна публикации DE
105 Кодированные данные (монография) __
a Кодированные данные (монография) y###||||000|y
125 Кодированные данные звукозаписи и нотных изданий __
a Форма изложения нотного текста с|
128 Кодированные данные (звукозаписи-физические характеристики) __
a Кодированные данные: Музыкальная форма и тональность или лад zz
c Инструменты или голоса, рекомендуемые для солистов (устаревшее) kb||
200 Заглавие и сведения об ответственности 1_
a Заглавие Orgelworke
b Общее обозначение материала [Ноты]
d Параллельное заглавие [Органные сочинения]
f Первые сведения об ответственности J. S. Bach
f Первые сведения об ответственности [Бах]
g Последующие сведения об ответственности Neue Ausgabe nach den Quellen
g Последующие сведения об ответственности Editionsleiter H. J. Schulze
210 Выходные данные 1_
a Место издания Leipzig
c Издательство Edition Peters
215 Физическое описание __
d Формат 30 см
225 Серия 1_
a Серия Edition Peters
e Сведения, относящиеся к заглавию серии Nr. 9940
512 Заглавие обложки 1_
a Заглавие обложки Orgelworke
517 Другие варианты заглавия 1_
a Другие варианты заглавия [Органные сочинения]
686 Индексы других классификаций __
a Классификационный индекс 85
2 Код системы rubbk
700 Автор _1
a Фамилия Bach
b Имя (инициалы) J. S.
702 Вторичная интеллектуальная ответственность _1
a Фамилия Schulze
b Имя (инициалы) H. J.
4 Код отношения 340
801 Источник записи _0
a Страна RU
b Организация Ульяновская ОНБ
c Дата составления 20140311
g Правила каталогизации RCR
801 Источник записи _1
a Страна RU
b Организация Ульяновская ОНБ
c Дата составления 20140311
g Правила каталогизации RCR
901 Тип документа __
t Тип документа v
909 Создатель записи __
a Создатель записи Никитина Т. А.
938 Служебная информация __
a Имя БД noti
b Имя библиотеки УОНБ
c Имя АИБС МАРК-SQL
d Номер DOC_ID в БД 12056